000 00577nam a22002057a 4500
003 KOHA_MİRAKIL
005 20260406081949.0
008 260406b tu ||||| |||| 00| 0 tur d
020 _a9757751332
040 _aTR-AnABB
_btur
_cTR-AnABB
041 _atur
082 _a813.42 ÖZE 1996
_bOZE 1996
100 1 _aÖzer, Ahmet
245 1 0 _aYıldızlar geceyle gelir /
_cAhmet Özer
260 _aAnkara :
_bKarşı yayınları,
_c1996
300 _a220 sayfa ;
_c20 cm
500 _ayazar imzalı
650 0 4 _aTürk edebiyatı, biyografi
942 _2ddc
_cBK
999 _c10144
_d10144
900 _bCem ÖZOGLU